00758cam a2200229 i 450000100060000000300080000600500170001400800390003103500190007004000270008904100080011608200270012410000180015124500670016926001000023630000340033650400200037065000460039065000220043665100330045871000370049111695BD-RjUL20211208235152.0140127t19471965nyuaf 001 0 eng a(BD-RjUL)11744 aDLCcDLCdBD-RjULbeng aeng00a301.59209683bKUA 19651 aKuper, Hilda.13aAn African aristocracy :brank among the Swazi /cHilda Kuper. aNew York :bAfricana Pub. Co. : for the International African Institute,cc1947 [reptint 1965]. axii, 251 p. :bill. ;c22 cm. aIncludes index. 0aSwazi (African people)xKings and rulers. 0aKings and rulers. 0aSwazilandxKings and rulers.2 aInternational African Institute.